书目信息 |
| 题名: |
历届国际奥委会主席与奥林匹克运动
|
|
| 作者: | 曹守訸 , 赵玉梅 编著 | |
| 分册: | ||
| 出版信息: | 北京 大众文艺出版社 2006 |
|
| 页数: | 148页 | |
| 开本: | 19cm | |
| 丛书名: | 奥林匹克百科丛书 | |
| 单 册: | ||
| 中图分类: | G811.219 , K815.47 | |
| 科图分类: | ||
| 主题词: | 奥运会--体育运动史 , 奥运会 , 体育运动史 , 主席 | |
| 电子资源: | ||
| ISBN: | 7-80094-875-7 | |
| 000 | 01233oam2 2200349 45 | |
| 001 | 012006092501 | |
| 005 | 20070707103033.17 | |
| 010 | @a7-80094-875-7@dCNY158.00(共8册) | |
| 092 | @aCN@b505333 | |
| 100 | @a20060925d2006 em y0chiy0120 ea | |
| 101 | 0 | @achi |
| 102 | @aCN@b110000 | |
| 105 | @ay z 000yd | |
| 200 | 1 | @a历届国际奥委会主席与奥林匹克运动@Ali jie guo ji ao wei hui zhu xi yu ao lin pi ke yun dong@f曹守訸,赵玉梅编著@Fcao shou訸, zhao yu mei bian zhu |
| 205 | @a2版 | |
| 210 | @a北京@c大众文艺出版社@d2006 | |
| 215 | @a148页@d19cm | |
| 225 | 2 | @a奥林匹克百科丛书@h二 |
| 330 | @a 本书介绍了泽麦特里乌斯·维凯拉斯、皮埃尔·德·顾拜旦、亨利·德·巴耶-拉图尔、西格弗里德·埃德斯特隆、艾弗里·布伦戴奇、迈克尔·莫里斯·基拉宁、胡安·安东尼奥·萨马兰奇七位国际奥委会主席及他们对体育事业的贡献。 | |
| 461 | 0 | @12001 @a奥林匹克百科丛书 |
| 601 | 02 | @a国际奥委会@x主席@j生平事迹 |
| 601 | 02 | @a国际奥委会 |
| 606 | 0 | @a奥运会@x体育运动史 |
| 606 | 0 | @a奥运会 |
| 606 | 0 | @a体育运动史 |
| 606 | 0 | @a主席 |
| 690 | @aG811.219@v4 | |
| 690 | @aK815.47@v4 | |
| 701 | 0 | @a曹守訸@Acao shou訸@4编著 |
| 701 | 0 | @a赵玉梅@Azhao yu mei@4编著 |
| 801 | 0 | @aCN@bLZJBOOK@c20070707 |
| 905 | @a10447@dG811.219@e43=2 | |
| 历届国际奥委会主席与奥林匹克运动/曹守訸,赵玉梅编著.-2版.-北京:大众文艺出版社,2006 |
| 148页;19cm.-(奥林匹克百科丛书.二) |
| ISBN 7-80094-875-7:CNY158.00(共8册) |
| 本书介绍了泽麦特里乌斯·维凯拉斯、皮埃尔·德·顾拜旦、亨利·德·巴耶-拉图尔、西格弗里德·埃德斯特隆、艾弗里·布伦戴奇、迈克尔·莫里斯·基拉宁、胡安·安东尼奥·萨马兰奇七位国际奥委会主席及他们对体育事业的贡献。 |
| ● |
| 相关链接 |
|
|
|
|
正题名:历届国际奥委会主席与奥林匹克运动
索取号:G811.219/43=2
 
预约/预借
| 序号 | 登录号 | 条形码 | 馆藏地/架位号 | 状态 | 备注 |
| 1 | 0565327 | 205653274 | 第一样本阅览室/ [索取号:G811.219/43=2] | 在馆 | |
| 2 | 0565328 | 205653283 | 密集书库/ [索取号:G811.219/43=2] | 在馆 | |
| 3 | 0565329 | 205653292 | 第四借阅区/ [索取号:G811.219/43=2] | 在馆 | |
| 4 | 0565330 | 205653309 | 密集书库/ [索取号:G811.219/43=2] | 在馆 | |
| 5 | 0565331 | 205653318 | 第四借阅区/ [索取号:G811.219/43=2] | 在馆 |